El camino a la democracia en España (Registro nro. 120749)
[ vista simple ]
| 000 -CABECERA | |
|---|---|
| campo de control de longitud fija | 01055nam a22003495 4500 |
| 001 - NÚMERO DE CONTROL | |
| campo de control | 120749 |
| 003 - IDENTIFICADOR DEL NÚMERO DE CONTROL | |
| campo de control | ES-MaBCM |
| 005 - FECHA Y HORA DE LA ÚLTIMA TRANSACCIÓN | |
| campo de control | 20241016143601.0 |
| 008 - CÓDIGOS DE INFORMACIÓN DE LONGITUD FIJA | |
| campo de control de longitud fija | 051212s2005 esp spa d |
| 017 ## - NÚMERO DE COPYRIGHT O DE DEPÓSITO LEGAL | |
| Depósito legal | B.45670-2005 |
| 020 ## - NÚMERO INTERNACIONAL NORMALIZADO PARA LIBROS(ISBN) | |
| Número Internacional Normalizado para Libros (ISBN) | 84-934658-3-6 |
| 021 ## - | |
| -- | xx |
| 035 ## - NÚMERO DE CONTROL DEL SISTEMA | |
| Número de control de sistema | (OCoLC)1025190821 |
| 040 ## - FUENTE DE LA CATALOGACIÓN | |
| Centro transcriptor | ES-MaBCM |
| 080 ## - NÚMERO DE LA CLASIFICACIÓN DECIMAL UNIVERSAL | |
| Número de la Clasificación Decimal Universal | 32(460)"1931/1940" |
| 080 ## - NÚMERO DE LA CLASIFICACIÓN DECIMAL UNIVERSAL | |
| Número de la Clasificación Decimal Universal | 32(460)"1975/1978" |
| 080 ## - NÚMERO DE LA CLASIFICACIÓN DECIMAL UNIVERSAL | |
| Número de la Clasificación Decimal Universal | 321.7(460)"19" |
| 100 1# - PUNTO DE ACCESO PRINCIPAL - NOMBRE DE PERSONA | |
| Nombre de persona | Álvarez Tardío, Manuel |
| 9 (RLIN) | 1422 |
| 245 00 - MENCIÓN DE TÍTULO | |
| Título | El camino a la democracia en España |
| Resto del título | : 1931 y 1978 |
| Mención de responsabilidad etc. | Manuel Álvarez Tardío ; [prólogo de Rafael Arias-Salgado] |
| 260 ## - PUBLICACIÓN, DISTRIBUCIÓN, ETC. (PIE DE IMPRENTA) | |
| Lugar de publicación distribución etc. | Barcelona : |
| Nombre del editor distribuidor etc. | Gota a Gota, |
| Fecha de publicación distribución etc. | 2005 |
| 300 ## - DESCRIPCIÓN FÍSICA | |
| Extensión | 514 p. ; |
| Dimensiones | 24 cm |
| 490 0# - MENCIÓN DE SERIE | |
| Mención de serie | Colección azul ; |
| -- | 108583 |
| Designación de volumen o secuencia | 1 |
| 500 ## - NOTA GENERAL | |
| Nota general | Índice onomástico: p. 505-514 |
| 504 ## - NOTA DE BIBLIOGRAFÍA, ETC. | |
| Nota de bibliografía etc. | Fuentes y bibliografía: p. 487-503 |
| 650 27 - PUNTO DE ACCESO ADICIONAL DE MATERIA--TÉRMINO DE MATERIA | |
| Término de materia o nombre geográfico como elemento inicial | Cambio de régimen político |
| 9 (RLIN) | 57801 |
| 650 27 - PUNTO DE ACCESO ADICIONAL DE MATERIA--TÉRMINO DE MATERIA | |
| Término de materia o nombre geográfico como elemento inicial | Democracia |
| 9 (RLIN) | 58263 |
| 650 24 - PUNTO DE ACCESO ADICIONAL DE MATERIA--TÉRMINO DE MATERIA | |
| Término de materia o nombre geográfico como elemento inicial | 1931-1940 |
| 9 (RLIN) | 56582 |
| 650 24 - PUNTO DE ACCESO ADICIONAL DE MATERIA--TÉRMINO DE MATERIA | |
| Término de materia o nombre geográfico como elemento inicial | 1975-1978 |
| 9 (RLIN) | 57022 |
| 650 #4 - PUNTO DE ACCESO ADICIONAL DE MATERIA--TÉRMINO DE MATERIA | |
| Término de materia o nombre geográfico como elemento inicial | S. XX |
| 9 (RLIN) | 60396 |
| 651 24 - PUNTO DE ACCESO ADICIONAL DE MATERIA--NOMBRE GEOGRÁFICO | |
| Nombre geográfico | España |
| 9 (RLIN) | 115342 |
| 942 ## - ELEMENTOS DE PUNTO DE ACCESO ADICIONAL (KOHA) | |
| Tipo de ítem Koha | Libros |
| Estado de retiro | Estado de pérdida | Fuente del sistema de clasificación o colocación | Estado dañado | No para préstamo | Localización permanente | Ubicación/localización actual | Ubicación en estantería | Fecha de adquisición | Fuente de adquisición | Número de inventario | Número de registro | Total de préstamos | Signatura topográfica completa | Código de barras | Precio válido a partir de | Tipo de ítem Koha |
|---|---|---|---|---|---|---|---|---|---|---|---|---|---|---|---|---|
| Biblioteca Central del Ministerio de la Presidencia | Biblioteca Central del Ministerio de la Presidencia | Sala | 22/12/2005 | Compra | 63057 | 63057 | 1 | 47925 | 1036047 | 22/12/2005 | Libros |
